Markov chains /
Guardado en:
| Autor Principal: | |
|---|---|
| Formato: | Libro |
| Idioma: | English |
| Publicado: |
San Francisco :
Holden-Day,
c1971.
|
| Series: | Holden-Day series in probability and statistics
|
| Etiquetas: |
Agregar Etiqueta
Sin Etiquetas, Sea el primero en etiquetar este registro!
|
| LEADER | 00692cam a22002055a 4500 | ||
|---|---|---|---|
| 001 | MAT.inmabb002368 | ||
| 008 | 710224s1971####caua#####b####001#0#eng#d | ||
| 005 | 20130226153130.0 | ||
| 245 | 1 | 0 | |a Markov chains / |c David Freedman. |
| 260 | |a San Francisco : |b Holden-Day, |c c1971. | ||
| 300 | |a xiv, 382 p. : |b il. ; |c 24 cm. | ||
| 440 | 0 | |a Holden-Day series in probability and statistics | |
| 500 | |a Primer libro de la trilogía del autor sobre cadenas de Markov. | ||
| 504 | |a Bibliografía: p. 367-372. | ||
| 510 | 4 | |a MR, |c 45 #1263 | |
| 020 | |a 0816230048 | ||
| 100 | 1 | |a Freedman, David, |d 1938- | |
| 084 | |a 60Jxx (60J10 60J27) |2 msc2000 | ||
| 010 | |a 73111613 | ||
| 859 | |h 60 |i F853 |p A-4041 |b BIB. MATEMATICA | ||
